La élite colonial de Costa Rica de cara a las instituciones de poder monárquico, 1600-1718 /
Сохранить в:
| Главный автор: | |
|---|---|
| Формат: | Неизвестно |
| Язык: | Spanish |
| Опубликовано: |
San José, Costa Rica:
Editorial de la Universidad de Costa Rica,
2007.
|
| Предметы: | |
| Online-ссылка: | http://www.redalyc.org/pdf/729/72920537013.pdf |
| Метки: |
Добавить метку
Нет меток, Требуется 1-ая метка записи!
|
MARC
| LEADER | 00000 a2200000 4500 | ||
|---|---|---|---|
| 008 | 160203s2007 c ||||| ||||a00| b spa d | ||
| 022 | |a 1021-1209 | ||
| 040 | |a CIICLA - UCR | ||
| 041 | |a spa | ||
| 100 | 1 | |a Madrigal Muñoz, Eduardo | |
| 245 | 1 | 3 | |a La élite colonial de Costa Rica de cara a las instituciones de poder monárquico, 1600-1718 / |c Eduardo Madrigal Muñoz |
| 260 | |a San José, Costa Rica: |b Editorial de la Universidad de Costa Rica, |c 2007. | ||
| 300 | |a 181-189 páginas | ||
| 500 | |a A partir del no. 82 no dice "Segunda época" pero sí le corresponde a ese título -- Resúmenes en inglés y español -- Continuacion de: Reflexiones / Universidad de Costa Rica, Facultad de Ciencias Sociales. En la Biblioteca del CIICLA, hay copia impresa del artículo. | ||
| 651 | 1 | 4 | |a COSTA RICA |y PERIODO COLONIAL, 1600-1718 |
| 773 | 1 | 0 | |w 14480314 |x 1021-1209 |d San José, Costa Rica : Facultad de Ciencias Sociales, c1992-1999. |t Reflexione. Segunda época / |g volumen 86, número 2, páginas 181-189, 2007. |
| 856 | 3 | 0 | |u http://www.redalyc.org/pdf/729/72920537013.pdf |
| 942 | |2 ddc |c ARC | ||
| 999 | |c 4564 |d 4564 | ||
